Walker /

A mediados del siglo XIX William Walker y sus mercenarios entraron a Nicaragua para instalar un nuevo gobierno, a través de un golpe de Estado; la dictadura de Walker duró dos años (1855-1856). Apoyado por grupos esclavistas del norte de Estados Unidos y por la población menos favorecida de Nicaragu...

Deskribapen osoa

Gorde:
Xehetasun bibliografikoak
Egile nagusia: Cox, Alex (realización)
Beste egile batzuk: Wurlitzer, Rudy (guión) (guión), Bridges, David (fotógrafo) (fotógrafo), Tait, Pam (vestuario) (vestuario), Puente, Carlos (montaje) (montaje), Cox, Alex (montaje) (montaje), Strummer, Joe (música) (música), Harris, Ed (actuación) (actuación), Masur, Richard (actuación) (actuación), Auberjonois, Rene (actuación) (actuación), Cox, Alex (comentarios) (comentarios), Wurlitzer, Rudy (comentarios) (comentarios), Fuller, Graham (texto del folleto) (texto del folleto), Sandoval, Linda (texto del folleto) (texto del folleto), Wurlitzer, Rudy (texto del folleto) (texto del folleto)
Formatua: Diapositiba
Hizkuntza:ingelesa
Argitaratua: EUA : Walker Films, 1987, c1987
Saila:(Criterion Collection ; 423)
Gaiak:
Etiketak: Etiketa erantsi
Etiketarik gabe, Izan zaitez lehena erregistro honi etiketa jartzen!

MARC

LEADER 00000ngm^a2200000^a^4500
001 000300742
005 20251020000000.0
009 20260310112524.165
020 |a 978-1-60465-015-0 
037 |a Acervo ITESO - Biblioteca 
041 |a ING 
082 |a 808. 8  |b CRI V. 423 
100 |a Cox, Alex  |e (realización) 
240 1 1 |a [Walker: una historia verdadera] 
245 1 0 |a Walker /  |c Realización de A. Cox. 
246 2 |a Título en México: Walker [salas de cine] 
246 2 |a Título en México: Walker: una historia verdadera [video] 
264 4 |a EUA :  |b Walker Films,  |c 1987, c1987 
264 2 |a Nueva York, EUA :  |b Criterion Collection [distribución],  |c 2006, c2006 
300 |a 1 DVD región 1 (96 min.) :  |b color +  |e 1 folleto (44 p.) 
336 |a imagen móvil bidimensional  |b tdi  |2 rdacontenido 
337 |a video  |b v  |2 rdamedio 
338 |a videodisco  |b vd  |2 rdasoporte 
440 1 |a (Criterion Collection ;  |v 423) 
520 |a A mediados del siglo XIX William Walker y sus mercenarios entraron a Nicaragua para instalar un nuevo gobierno, a través de un golpe de Estado; la dictadura de Walker duró dos años (1855-1856). Apoyado por grupos esclavistas del norte de Estados Unidos y por la población menos favorecida de Nicaragua, logró mantener el control de la nación centroamericana por un tiempo; con ayuda de los países vecinos, el gobierno legítimo recuperó el poder. 
530 |a Existe una edición en formato audiovisual en VHS con el mismo título 
546 |a En inglés, con subtítulos opcionales: inglés 
585 |a Festival Internacional de Cine de Berlín (38º: 1988): Participante norteamericana relacionada con México, sección oficial a concurso 
649 |a XX 
650 |a Cineastas Ingleses 
650 |a Mercenarios Norteamericanos -  |x Biografías 
650 |a Políticos Norteamericanos -  |x Biografías 
650 |a Alegoría en el Cine 
650 |a Cine Social y Político 
650 |a Cine Independiente -  |z EUA 
650 |a Cine Norteamericano -  |y 1980-1989 
650 |a Cine Norteamericano -  |y Siglo XX 
650 |a Golpe de Estado -  |z Nicaragua -  |x Historia -  |y 1850-1859 
650 |a Violencia Política -  |z Nicaragua -  |x Historia -  |y 1850-1859 
650 |a Dictadura -  |z Nicaragua -  |y 1850-1859 
650 |a Intervención Militar de EUA -  |x Historia -  |y 1845-1861 -  |x Tema Principal 
650 |a Intervención Militar en Nicaragua -  |x Historia -  |y 1850-1859 -  |x Tema Principal 
650 |a Política Exterior -  |z EUA -  |x Historia -  |y 1845-1861 
650 |a Imperialismo -  |z EUA -  |x Historia -  |y 1845-1861 
650 |a Relaciones Internacionales -  |z EUA-Nicaragua -  |x Historia -  |y Siglo XIX 
650 |a Política -  |z Nicaragua -  |x Historia -  |y 1850-1859 
650 |a Política -  |z Nicaragua -  |x Historia -  |y 1838-1893 
650 |a Política -  |z Nicaragua -  |x Historia -  |y Siglo XIX 
650 |a Granada, Nicaragua en el Cine 
650 |a Nicaragua en el Cine 
650 |a Nicaragua -  |x Historia -  |y 1850-1859 
650 |a Nicaragua -  |x Historia -  |y 1838-1893 
650 |a Nicaragua -  |x Historia -  |y Siglo XIX 
650 |a América Central -  |x Historia -  |y Siglo XIX 
650 |a Walker, William -  |x Tema Principal 
740 0 |a Apocalypse When? /  |c Texto del folleto de G. Fuller. 
740 0 |a Forced March /  |c Texto del folleto de L. Sandoval. 
740 0 |a On William Walker /  |c Texto del folleto de R. Wurlitzer. 
700 |a Wurlitzer, Rudy  |e (guión) 
700 |a Bridges, David  |e (fotógrafo) 
700 |a Tait, Pam  |e (vestuario) 
700 |a Puente, Carlos  |e (montaje) 
700 |a Cox, Alex  |e (montaje) 
700 |a Strummer, Joe  |e (música) 
700 |a Harris, Ed  |e (actuación) 
700 |a Masur, Richard  |e (actuación) 
700 |a Auberjonois, Rene  |e (actuación) 
700 |a Cox, Alex  |e (comentarios) 
700 |a Wurlitzer, Rudy  |e (comentarios) 
700 |a Fuller, Graham  |e (texto del folleto) 
700 |a Sandoval, Linda  |e (texto del folleto) 
700 |a Wurlitzer, Rudy  |e (texto del folleto) 
910 |a Fondo General 
920 |a Audiovisuales - DVDs 
940 |a Películas 
905 |a 308 
901 |a 0500177171  |b IT2  |c DVR  |i C116892  |u 20250521 
901 |a 0500177174  |b IT2  |c MIN  |u 20251020 
902 |a https://opac.biblio.iteso.mx/vufind/Record/000300742